[Event "2nd China Binhai Open 2020"]
[Site "Tianjin"]
[Date "2020.01.15"]
[Round "5.1"]
[White "Sethuraman, S.P."]
[Black "Liu, Yan"]
[Result "1/2-1/2"]
[WhiteElo "2638"]
[BlackElo "2513"]
[Annotator "TA"]
[PlyCount "60"]
[EventDate "2020.01.13"]
[EventType "swiss"]
[EventCountry "CHN"]
[SourceTitle "playchess.com"]
[Source "ChessBase"]
[SourceQuality "1"]

{[%evp 12,60,18,14,28,27,26,27,31,31,20,21,28,33,35,0,0,-29,-22,-54,-63,-33,-31,-53,-50,-64,-64,-71,-54,-42,-36,-57,-56,-33,-21,-21,-21,-21,-20,-18,-19,-22,-6,-17,-18,-18,-13,-39,0,-23,0]} 1. e4 e5 2. Nf3 Nf6 3. Nxe5 d6 4. Nf3 Nxe4 5. Nc3 Nxc3 6. dxc3 Be7 7. Be3 Nc6 {C42: Petroff Defence: 3 Nxe5 and unusual White 3rd moves} 8. Bd3 (8. Qd2 Bf5 9. O-O-O Qd7 10. h3 O-O 11. Rg1 Rae8 12. g4 Be4 13. Be2 Bd8 14. h4 Ne5 15. Nxe5 Rxe5 16. Bd4 {0-1 (74) Nepomniachtchi,I (2767)-Yu,Y (2738) Moscow 2019}) 8... Be6 9. Qe2 Qd7 {White has an edge.} 10. O-O-O Bf6 11. h3 O-O-O 12. Bb5 Kb8 13. g4 {aiming for g5.} h6 {[#]} 14. Nd2 $146 ({Predecessor:} 14. Kb1 Qe8 15. Rhe1 {1-0 (59) Ter Sahakyan,S (2623)-Polschikov,A (2416) St Petersburg 2019}) 14... a6 $36 {[%mdl 2048] Black is pushing.} ({But not} 14... Bxa2 $6 15. b3 $14) 15. Ba4 Nd4 16. Bxd4 Qxa4 {[%mdl 64] [#] Double Attack} 17. Bxf6 gxf6 18. a3 f5 19. Rdg1 Rdg8 {[%cal Rf5g4]} 20. f3 Qf4 21. Qh2 Qxh2 22. Rxh2 fxg4 23. hxg4 f5 {[%cal Rf5g4]} 24. Re1 Bc8 25. gxf5 Bxf5 26. Reh1 Rg6 27. Kd1 Kc8 28. Nf1 Bd7 29. Nd2 Bf5 30. Nf1 Bd7 {Accuracy: White = 62%, Black = 56%.} 1/2-1/2

[Event "2nd China Binhai Open 2020"]
[Site "Tianjin"]
[Date "2020.01.15"]
[Round "5.2"]
[White "Munguntuul, Batkhuyag"]
[Black "Zhou, Jianchao"]
[Result "0-1"]
[WhiteElo "2430"]
[BlackElo "2623"]
[Annotator "TA"]
[PlyCount "50"]
[EventDate "2020.01.13"]
[EventType "swiss"]
[EventCountry "CHN"]
[SourceTitle "playchess.com"]
[Source "ChessBase"]
[SourceQuality "1"]

{[%evp 14,96,-1,-11,0,5,0,0,0,0,0,-31,-3,-13,-20,-13,-19,-10,-13,-17,-10,-2,-7,-10,-18,-27,-36,-20,-22,-41,-18,-87,-93,-85,-68,-85,-87,-87,-85,-97,-97,-97,-97,-97,-97,-97,-97,-97,-97,-127,-114,-119,-114,-147,-118,-114,-114,-110,-110,-169,-166,-156,-156,-194,-163,-158,-170,-377,-372,-344,-354,-583,-554,-716,-647,-565,-566,-29976,-29977,-29977,-29978,-29977,-29977,-29976,-29977]} 1. e4 e5 2. Nf3 Nc6 3. Bb5 Nf6 4. O-O Nxe4 5. d4 Nd6 6. dxe5 Nxb5 7. a4 d6 8. e6 Bxe6 {C67: Ruy Lopez: Berlin Defence: 4 0-0 Nxe4} 9. axb5 Ne5 10. Nd4 Bd7 {The position is equal.} 11. Nc3 (11. f4 Ng4 12. Qf3 Be7 13. f5 Nf6 14. Qxb7 O-O 15. Nc6 Bxc6 16. Qxc6 d5 17. Bf4 Bd6 18. Nc3 Bxf4 19. Rxf4 Re8 {½-½ (19) Firouzja,A (2561)-Wang,H (2711) Kuala Lumpur 2018}) 11... Be7 12. Nd5 O-O 13. f4 c5 $146 ({Predecessor:} 13... Ng4 14. f5 Nf6 15. Nxe7+ Qxe7 16. Bg5 {0-1 (39) Bajarani,I (2345)-Ismagambetov,A (2492) Dubai 2008}) 14. fxe5 cxd4 15. Qxd4 dxe5 16. Qxe5 Bc5+ 17. Kh1 {And now Bh6! would win.} f6 $36 {[%mdl 2048] Black has good play.} (17... Bxb5 $6 18. Bh6 $1 $16 {[%mdl 512]}) 18. Qg3 Rf7 ({Much weaker is} 18... Bxb5 $6 {[#]} 19. Bh6 $1 $16 {[%mdl 512]}) 19. Bf4 Bxb5 20. Rfd1 {Nc7 is the strong threat.} Rc8 21. Nc7 Bd7 22. Ne6 (22. b4 $11 {remains equal.} Bxb4 23. Rxa7) 22... Qb6 ({But not} 22... Bxe6 $6 23. Rxd8+ Rxd8 24. Be3 $11) 23. Nxc5 Qxc5 24. c3 a6 25. Rd2 Re8 {Played: Bd7-c6} 0-1

[Event "2nd China Binhai Open 2020"]
[Site "Tianjin"]
[Date "2020.01.15"]
[Round "5.3"]
[White "Zou, Chen"]
[Black "Xu, Minghui"]
[Result "1-0"]
[WhiteElo "2460"]
[BlackElo "2404"]
[Annotator "TA"]
[PlyCount "105"]
[EventDate "2020.01.13"]
[EventType "swiss"]
[EventCountry "CHN"]
[SourceTitle "playchess.com"]
[Source "ChessBase"]
[SourceQuality "1"]

{[%evp 23,105,24,16,20,20,18,29,15,30,32,29,31,31,19,28,31,21,29,17,13,31,0,0,0,0,0,0,0,0,0,0,0,0,0,0,0,0,0,0,0,0,0,8,9,12,12,16,16,47,0,14,26,83,8,12,0,60,0,0,0,0,0,29973,29974,29974,29975,29976,29977,29977,29978,29978,29979,29979,29980,29980,29981,29981,29982,29982,29983,29983,29984,29984,29981]} 1. e4 e5 2. Nf3 Nc6 3. Bb5 a6 4. Ba4 Nf6 5. O-O Nxe4 6. d4 b5 7. Bb3 d5 8. dxe5 Be6 9. Be3 Be7 10. c3 O-O 11. Nbd2 Bg4 12. Nxe4 dxe4 13. Qd5 {C83: Open Ruy Lopez: 9 c3 Be7} Qxd5 14. Bxd5 exf3 15. Bxc6 {White has an edge.} fxg2 16. Rfc1 Rab8 17. a4 b4 18. cxb4 Rxb4 19. Bxg2 c5 20. Bxc5 Bxc5 21. Rxc5 Rxb2 {[#]} 22. Bf1 $146 Be2 23. Rac1 h6 24. R1c2 (24. Bxe2 {is interesting.} Rxe2 25. R1c2 Re1+ 26. Kg2 Re8 27. f4) 24... Rxc2 25. Rxc2 Bxf1 26. Kxf1 $11 {[%mdl 4096] Endgame KR-KR} Re8 27. Rc5 Re6 28. Kg2 f6 29. f4 fxe5 30. fxe5 Kf7 31. Kf3 Rb6 32. a5 Rb4 33. Rc6 Rb5 $1 34. e6+ Ke7 35. Rxa6 {Threatens to win with Ra8.} Rb2 36. h3 {And now Ra8 would win.} Ra2 37. Ke4 Ra3 (37... g5 $1 $11) 38. Kf5 (38. h4 $1 $16) 38... Rf3+ 39. Kg6 Rxh3 (39... Rg3+ $11 40. Kf5 Rf3+ 41. Ke5 Re3+ 42. Kd5 Rd3+ 43. Ke5 Re3+ 44. Kf5 Rf3+) 40. Ra8 ({White should play} 40. Kxg7 $14 Ra3 41. Kg6 (41. Kxh6 Kf6 $11)) 40... Rg3+ 41. Kh7 {a6 is the strong threat.} Kxe6 42. a6 Kf5 $2 {[%mdl 8192]} (42... Ra3 $11) 43. a7 {White mates.} Ra3 44. Rf8+ Kg4 45. a8=Q Rxa8 46. Rxa8 {KR-KPP} h5 47. Kg6 h4 48. Ra4+ Kg3 49. Kg5 h3 {[#]} 50. Ra3+ $1 Kg2 51. Kg4 h2 {[#]} 52. Ra2+ $1 Kg1 53. Kh3 {Accuracy: White = 62%, Black = 66%.} 1-0

[Event "2nd China Binhai Open 2020"]
[Site "Tianjin"]
[Date "2020.01.15"]
[Round "5.4"]
[White "Zhang, Ziji"]
[Black "Xiang, Zeyu"]
[Result "1/2-1/2"]
[WhiteElo "2432"]
[BlackElo "2436"]
[Annotator "TA"]
[PlyCount "60"]
[EventDate "2020.01.13"]
[EventType "swiss"]
[EventCountry "CHN"]
[SourceTitle "playchess.com"]
[Source "ChessBase"]
[SourceQuality "1"]

{[%evp 11,60,25,25,13,20,9,17,15,30,30,14,14,21,17,19,19,19,19,28,22,27,23,23,15,12,10,14,10,11,13,8,14,23,11,19,6,18,0,0,0,0,0,0,0,0,0,0,0,0,0,0]} 1. d4 d5 2. c4 e6 3. Nc3 Nf6 ({Predecessor:} 3... Be7 4. Nf3 {½-½ (22) Schorra,H (2351)-Fridman,D (2325) Chessfriend.com 2003}) 4. Nf3 Be7 5. Bf4 O-O 6. e3 Nbd7 {[%cal Bb8d7,Bd7c5,Bc5e4][%mdl 32]} 7. a3 $146 {D37: Queen's Gambit Declined: 5 Bf4} (7. c5 Nh5 8. Bd3 Nxf4 9. exf4 b6 10. b4 a5 11. a3 c6 12. O-O Qc7 13. g3 Ba6 14. Kg2 Bxd3 15. Qxd3 Ra7 {½-½ (40) Giri,A (2797)-Radjabov,T (2756) Shamkir 2019}) 7... c5 8. cxd5 Nxd5 9. Nxd5 exd5 10. dxc5 $1 Nxc5 11. Be2 Bf6 12. Be5 Bxe5 13. Nxe5 Re8 14. Nf3 Qb6 15. b4 Ne4 16. Nd4 Bd7 17. O-O Nc3 18. Qd2 Nxe2+ 19. Nxe2 Bb5 20. Rfe1 Bxe2 21. Rxe2 a5 22. Ree1 axb4 {The position is equal.} 23. axb4 h6 (23... g6 {looks sharper.} 24. Rxa8 Rxa8 25. h4 Ra4 26. Rb1 Qe6) 24. h3 (24. Rxa8 {keeps more tension.} Rxa8 25. Rc1 Rd8 26. Rd1 Rc8 27. Qxd5 Qxb4 28. g3) 24... Rad8 $1 25. Ra5 d4 26. exd4 Rxe1+ 27. Qxe1 Qxd4 28. Re5 g6 29. Re8+ Rxe8 30. Qxe8+ Kg7 {Accuracy: White = 73%, Black = 89%.} 1/2-1/2

[Event "2nd China Binhai Open 2020"]
[Site "Tianjin"]
[Date "2020.01.15"]
[Round "5.5"]
[White "Batchuluun, Tsegmed"]
[Black "Ning, Kaiyu"]
[Result "1-0"]
[WhiteElo "2530"]
[BlackElo "2379"]
[Annotator "TA"]
[PlyCount "75"]
[EventDate "2020.01.13"]
[EventType "swiss"]
[EventCountry "CHN"]
[SourceTitle "playchess.com"]
[Source "ChessBase"]
[SourceQuality "1"]

{[%evp 13,121,25,22,12,26,18,26,18,27,20,20,34,15,34,25,14,25,38,26,30,10,0,20,15,61,0,6,0,0,0,2,0,7,0,0,10,20,24,109,110,116,120,179,158,240,240,226,196,280,181,186,142,300,300,296,294,385,375,447,464,606,612,860,850,873,448,439,435,422,379,422,383,579,584,793,791,700,589,578,580,616,616,736,706,912,903,862,703,703,687,662,662,2647,2240,5377,3713,5226,1407,6228,4711,6403,3291,5261,1422,29975,1985,29988,29989,29989,29990]} 1. d4 d5 2. c4 e6 3. Nf3 Nf6 4. g3 dxc4 5. Bg2 Nc6 6. Qa4 Bb4+ 7. Bd2 Nd5 8. Bxb4 {E04: Open Catalan: 5 Nf3} Ndxb4 9. Nc3 (9. O-O Rb8 10. Na3 O-O 11. Qb5 b6 12. Qxc4 Ba6 13. Nb5 Qe8 14. Rfc1 Nd5 15. e4 Na5 16. Nxc7 Bxc4 17. Nxe8 Rfxe8 18. exd5 Bxd5 {½-½ (34) Giri,A (2776)-So,W (2760) Kolkata 2019}) 9... Bd7 10. O-O {White has an edge.} a5 11. Qd1 O-O 12. e3 a4 13. Nxa4 Nxd4 14. Qxd4 {Nc5 is the strong threat.} Bxa4 15. Qxc4 Qe7 {[#]} 16. a3 $146 Nd5 17. Rfc1 Rfc8 18. Nd4 g6 19. b4 ({Better is} 19. Bxd5 $14 exd5 20. Qxd5) 19... c6 $11 20. h4 e5 21. Nb3 b5 22. Qd3 {[#]} e4 $1 {[%mdl 512]} 23. Qb1 (23. Qxe4 Qxe4) 23... Bxb3 $1 24. Qxb3 Qe5 25. a4 {[%cal Ba3a4,Ba4a5][%mdl 32]} Nb6 (25... bxa4 $11 {remains equal.} 26. Rxa4 Rxa4 27. Qxa4 Rb8) 26. a5 $16 Nd5 27. Ra2 {[%cal Ba1a2,Ba2c2,Bc2c5][%mdl 32]} f5 (27... Qd6 $16) 28. Rac2 Qe6 (28... Qd6 $16) 29. Bf1 $18 Rc7 30. Rc5 Rac8 (30... Rd8 $142 31. a6 Rdc8) 31. R1c2 Kf7 32. Qb2 Qd6 $2 (32... Qf6 $16 {keeps fighting.}) 33. Qd4 {aiming for Bxb5!} Ke6 34. Rd2 Rb8 35. Be2 Rd7 36. Qb2 Rdb7 37. Bd1 Rd7 38. Qc1 {Played: Bd1-b3} 1-0

[Event "2nd China Binhai Open 2020"]
[Site "Tianjin"]
[Date "2020.01.15"]
[Round "5.6"]
[White "Dai, Changren"]
[Black "Zhai, Mo"]
[Result "1-0"]
[WhiteElo "2506"]
[BlackElo "2360"]
[Annotator "TA"]
[PlyCount "109"]
[EventDate "2020.01.13"]
[EventType "swiss"]
[EventCountry "CHN"]
[SourceTitle "playchess.com"]
[Source "ChessBase"]
[SourceQuality "1"]

{[%evp 18,109,20,20,26,21,24,14,22,0,36,33,27,11,51,41,41,27,85,36,44,37,42,35,41,36,39,41,45,44,55,37,52,54,53,60,95,90,143,58,56,42,54,38,45,35,37,35,33,48,33,25,35,26,28,32,71,0,0,0,0,0,0,0,0,0,0,0,0,0,0,0,207,170,137,0,0,0,0,0,0,0,12841,12841,12842,12841,12842,12843,12843,12843,12844,12843,12850,27999]} 1. e4 e5 2. Nf3 Nc6 3. Bb5 Nf6 4. O-O Nxe4 5. Re1 Nd6 6. Nxe5 Be7 7. Bf1 Nxe5 8. Rxe5 O-O 9. d4 Bf6 10. Re1 Re8 {C67: Ruy Lopez: Berlin Defence: 4 0-0 Nxe4} 11. c3 Rxe1 12. Qxe1 Nf5 {The position is equal.} 13. d5 $146 ({Predecessor:} 13. a4 d5 14. a5 c6 15. Nd2 Nd6 16. Nb3 Bf5 17. Bf4 Rc8 18. Nc5 {½-½ (29) Karjakin,S (2748)-Giri,A (2779) Riga 2019}) 13... c6 14. Qe4 g6 15. Bf4 Bg5 16. Bxg5 Qxg5 17. Na3 Nd6 (17... Qe7 $11 18. Re1 Qxe4 19. Rxe4 Kf8) 18. Qd4 {Threatens to win with dxc6.} (18. Qb4 {with more complications.} Qf6 19. Rd1 Ne8 20. Re1 Nc7 21. Nc4) 18... Qxd5 19. Qxd5 cxd5 20. Rd1 Kf8 21. Rxd5 Ke7 22. Re5+ Kf6 23. Re3 b6 24. Nc4 Nxc4 25. Rf3+ Kg7 26. Bxc4 $14 {[%mdl 4096] Endgame KRB-KRB} f6 27. Rd3 a6 (27... Kf8 $142) 28. a4 ({White should play} 28. Rd6 $16) 28... Ra7 29. f4 Rc7 30. b3 Rc5 31. Kf2 Kf8 32. Ke3 Ke7 33. Bd5 d6 34. Kd4 Be6 35. Bxe6 Kxe6 {KR-KR} 36. Re3+ Kd7 37. b4 (37. g4 $16) 37... Rh5 $11 38. h3 Rh4 39. Ke4 g5 40. g4 h5 41. Kf5 gxf4 42. Rf3 {And now g5 would win.} hxg4 43. hxg4 Ke7 44. Rxf4 {Strongly threatening Re4+.} Rh1 $2 (44... Rh3 $11) 45. Kg6 $18 Rh3 {[#]} 46. c4 ({Don't take} 46. Rxf6 $6 Rxc3 47. g5 Rc4 $14) ({White must play} 46. Re4+ $1 $16 Kd7 47. Kxf6) 46... Re3 $1 $11 47. b5 axb5 48. axb5 Re6 49. Kg7 {White wants to play Kg6.} d5 $2 {[%mdl 8192]} (49... Re5 $11) 50. cxd5 $18 {White is clearly winning.} Re5 {[#]} 51. d6+ $1 {[%mdl 512]} Ke6 (51... Kxd6 52. Rxf6+) 52. Rxf6+ Kd7 53. Rf5 Rc5 54. Kf6 {White wants to mate with Rxc5.} ({Worse is} 54. Rxc5 bxc5 55. Kh7 (55. b6 Kxd6 56. Kf6 c4 $11) 55... c4 $11) 54... Kxd6 55. Rxc5 {Accuracy: White = 56%, Black = 64%.} 1-0

[Event "2nd China Binhai Open 2020"]
[Site "Tianjin"]
[Date "2020.01.15"]
[Round "5.8"]
[White "Wang, Shixu B"]
[Black "Li, Bo"]
[Result "1-0"]
[WhiteElo "2469"]
[BlackElo "2312"]
[Annotator "TA"]
[PlyCount "69"]
[EventDate "2020.01.13"]
[EventType "swiss"]
[EventCountry "CHN"]
[SourceTitle "playchess.com"]
[Source "ChessBase"]
[SourceQuality "1"]

{[%evp 9,128,4,-2,-23,9,10,16,16,25,3,14,15,41,52,48,43,66,67,66,58,69,64,72,70,66,54,71,53,72,64,70,65,95,89,116,112,107,109,109,103,290,214,282,290,295,255,270,260,272,283,300,298,420,416,423,423,431,419,410,408,377,346,333,344,331,309,354,367,362,362,360,362,358,294,430,339,463,463,547,521,1129,1105,1486,1414,1277,1602,1327,1314,1089,966,4137,4137,4137,4133,29981,29982,29982,29981,29985,29986,29987,29988,29988,29989,29989,29990,29990,29991,29994,29994,29994,29995,29995,29996,29996,29997,29997,29998,29998,29999,29999]} 1. d4 Nf6 2. c4 e6 3. Nc3 Bb4 4. Nf3 b6 5. Bg5 Bb7 6. Nd2 {E12: Queen's Indian: Unusual White 4th moves, 4 a3, 4 Nc3 Bb7 5 a3 and 4 Nc3 Bb7} c5 (6... h6 7. Bh4 Bxc3 8. bxc3 d6 9. e3 Nbd7 10. f4 Qe7 11. Bd3 O-O-O 12. O-O g5 13. Bg3 gxf4 14. Rxf4 Rhg8 15. e4 e5 16. Rf1 exd4 17. cxd4 Nxe4 18. Bxe4 Bxe4 19. Qe2 Rde8 20. Rae1 f5 21. c5 dxc5 22. Rxf5 Bxf5 {½-½ (57) Aravindh,C (2605)-Najer,E (2661) Moscow 2019}) 7. a3 Bxc3 8. bxc3 {The position is equal.} d6 9. f3 h6 10. Bh4 Nbd7 11. e3 O-O 12. Bd3 Qe7 $146 ({Predecessor:} 12... Qe8 13. O-O e5 14. d5 g5 {½-½ (35) Moran Soria,J (1803)-Povill Claros,X (1856) Cerdanyola del Valles 2013}) 13. O-O Rfc8 14. Re1 Qe8 15. e4 cxd4 16. cxd4 {[%cal Bc3d4,Bd4d5][%mdl 32]} e5 17. Bf1 Nh5 18. Bf2 Nf4 19. c5 dxc5 20. d5 $1 Qe7 21. g3 {[%mdl 1024] White has strong compensation.} Ng6 22. a4 {[%cal Ba3a4,Ba4a5][%mdl 32]} Nb8 23. a5 Na6 24. Qb3 Rcb8 $2 {[#]} (24... Qd8 $16) 25. Nc4 Bc8 26. axb6 Qd8 {[%cal Ra7b6]} 27. b7 Rxb7 28. Qc3 Rc7 29. Ra5 Qf6 30. Rea1 Rb8 {[#]} (30... Nb8 {is a better defense.} 31. Rxc5 Rxc5) 31. f4 $1 $18 {[%mdl 512]} exf4 32. Qxf6 gxf6 33. gxf4 (33. Rxa6 Bxa6 34. Rxa6 Re7 $18) 33... f5 34. exf5 ({Weaker is} 34. Rxa6 Bxa6 35. Rxa6 fxe4 $18) 34... Nxf4 35. d6 {Played: Bf2-g3} 1-0

[Event "2nd China Binhai Open 2020"]
[Site "Tianjin"]
[Date "2020.01.16"]
[Round "6.1"]
[White "Liu, Yan"]
[Black "Zou, Chen"]
[Result "1-0"]
[WhiteElo "2513"]
[BlackElo "2460"]
[Annotator "TA"]
[PlyCount "125"]
[EventDate "2020.01.13"]
[EventType "swiss"]
[EventCountry "CHN"]
[SourceTitle "playchess.com"]
[Source "ChessBase"]
[SourceQuality "1"]

{[%evp 20,125,20,20,22,18,18,18,15,14,12,14,23,15,15,11,38,38,38,50,48,45,40,34,45,34,141,161,168,172,155,147,197,194,202,186,180,190,183,191,196,188,231,233,229,200,199,156,174,172,205,173,136,145,122,125,173,144,357,236,378,333,487,444,489,461,477,468,549,356,1268,1498,1528,540,1392,1276,2787,1101,1039,883,2082,1622,12825,10427,3446,2586,12832,12832,12833,12832,12833,12833,12842,12842,12843,12843,12844,12844,12846,12846,12847,12845,12846,12846,12847,12847,12847,12848]} 1. Nf3 Nf6 2. c4 e6 3. g3 d5 4. Bg2 Be7 5. O-O O-O 6. b3 c5 7. cxd5 Nxd5 8. Bb2 Nc6 9. d4 cxd4 10. Nxd4 Nxd4 11. Qxd4 {[%csl Gb2][%cal Rd4g7]} Bf6 {A14: English Opening: 1...e6 with b3 by White} 12. Qd2 Nf4 13. gxf4 {Qxd8 is the strong threat.} Qxd2 {The position is equal.} 14. Nxd2 {Strongly threatening Bxf6.} Bxb2 15. Rab1 Bf6 {[#]} 16. Ne4 $146 ({Predecessor:} 16. Rbc1 Rd8 17. Ne4 Be7 18. Rc7 Kf8 19. Rfc1 {1-0 (49) Kramnik,V (2792)-Mamedyarov,S (2808) Paris 2018}) 16... Be7 17. Rfd1 Rd8 18. Rxd8+ Bxd8 19. Nd6 $36 {[%mdl 2048] White is pushing.} Be7 20. Bxb7 Bxb7 21. Nxb7 $14 {[%mdl 4096] Endgame KRB-KRN} Rc8 22. a4 Bb4 (22... Rc3 $14) 23. Rd1 $16 Kf8 {[#]} 24. Rd8+ $1 Rxd8 25. Nxd8 $18 {KB-KN} Bd6 26. e3 a6 27. Nc6 Ke8 28. Kf1 Kd7 29. Ne5+ Ke7 30. Nc4 Bb4 31. Ke2 f6 32. Kd3 Kd7 33. Nb2 Be1 34. f3 Kc6 {[#]} 35. Kd4 $1 a5 36. Nd3 Bd2 37. e4 Kd6 38. Kc4 g6 $2 (38... f5 $16 {was worth a try.} 39. Kb5 h5) 39. Kb5 h5 (39... f5 $142 40. h3 h5) 40. h3 f5 (40... h4 $142 41. e5+ fxe5) 41. Ne5 Bxf4 42. Nxg6 Bd2 43. Kc4 fxe4 44. fxe4 Bc1 $2 (44... e5 45. Nh4 Ke6) 45. e5+ {White is clearly winning.} Kd7 46. Kd4 (46. Kb5 $142 Bd2 47. Nh4) 46... Bh6 47. Nh4 Bc1 48. Nf3 (48. Kc5 $142 Be3+ 49. Kb5) 48... Kc6 49. Kc4 Bb2 50. Nd4+ Kd7 51. Kc5 Ba1 52. Nc6 Bc3 53. Kb6 Kc8 54. Nxa5 Bxe5 55. Nc4 Bf4 56. Kc6 Kb8 57. b4 {[%cal Bb3b4,Bb4b5,Bb5b6,Bb6b7][%mdl 32]} Ka7 58. b5 Bg3 59. Nd6 Bf2 {[#]} 60. b6+ $1 {[%mdl 512]} Ka6 (60... Bxb6 61. Nc8+) 61. b7 Ba7 62. Kc7 {Threatening mate with Nc8.} Ka5 63. Nc8 {Accuracy: White = 85%, Black = 39%.} 1-0

[Event "2nd China Binhai Open 2020"]
[Site "Tianjin"]
[Date "2020.01.16"]
[Round "6.2"]
[White "Zhou, Jianchao"]
[Black "Batchuluun, Tsegmed"]
[Result "1/2-1/2"]
[WhiteElo "2623"]
[BlackElo "2530"]
[Annotator "TA"]
[PlyCount "92"]
[EventDate "2020.01.13"]
[EventType "swiss"]
[EventCountry "CHN"]
[SourceTitle "playchess.com"]
[Source "ChessBase"]
[SourceQuality "1"]

{[%evp 10,92,28,22,19,16,22,17,22,0,0,0,6,8,24,22,25,25,36,33,39,24,33,37,38,42,56,58,56,46,46,46,51,45,46,48,56,52,59,46,58,58,74,63,67,54,54,52,54,24,24,24,27,14,31,17,17,17,10,0,0,0,36,36,36,36,40,40,40,40,40,36,36,36,36,36,36,0,0,0,0,0,0,0,0]} 1. e4 e6 2. d3 d5 3. Nd2 Nf6 4. Ngf3 Nc6 5. Be2 dxe4 6. dxe4 e5 {C00: French: Unusual White 2nd moves} 7. c3 a5 8. Qc2 Bc5 9. Nc4 Qe7 10. Bg5 h6 11. Bh4 Bg4 12. h3 $146 ({Predecessor:} 12. a4 Qe6 13. b3 O-O 14. h3 {0-1 (33) Seminara,J (2327)-Mela,B (2203) Argentina 2000}) 12... Bxf3 13. Bxf3 O-O 14. a4 Qe6 15. Nd2 Ne7 16. Qb3 Qxb3 17. Nxb3 Bd6 18. Bxf6 gxf6 19. Nd2 Rfd8 20. Nc4 b6 21. Ke2 Bc5 22. Rhd1 Kf8 23. Bg4 Ke8 24. h4 Rxd1 25. Rxd1 Rd8 26. Rxd8+ Kxd8 $16 {[%mdl 4096] Endgame KBN-KBN} 27. h5 Nc6 28. g3 Ke7 29. f4 exf4 30. gxf4 Nd8 31. Kd3 Nb7 32. e5 fxe5 33. fxe5 f6 34. Bf3 Nd8 35. Ke4 Nf7 36. exf6+ Kxf6 37. Kd5 c6+ 38. Kxc6 Ne5+ 39. Nxe5 Kxe5 $14 {KB-KB} 40. b4 axb4 41. cxb4 Bxb4 42. Kxb6 Kd6 43. a5 Bxa5+ $1 {The position is equal.} 44. Kxa5 Ke7 45. Kb4 Kf6 46. Kc5 Kg7 {Accuracy: White = 49%, Black = 81%.} 1/2-1/2

[Event "2nd China Binhai Open 2020"]
[Site "Tianjin"]
[Date "2020.01.16"]
[Round "6.3"]
[White "Zhang, Ziji"]
[Black "Sethuraman, S.P."]
[Result "0-1"]
[WhiteElo "2432"]
[BlackElo "2638"]
[Annotator "TA"]
[PlyCount "70"]
[EventDate "2020.01.13"]
[EventType "swiss"]
[EventCountry "CHN"]
[SourceTitle "playchess.com"]
[Source "ChessBase"]
[SourceQuality "1"]

{[%evp 9,70,29,45,47,49,36,43,43,54,52,59,29,48,45,39,40,56,0,0,0,0,-15,0,-18,-19,-28,-9,-24,-12,-10,-22,-50,-26,-41,-47,-26,75,-139,-138,-115,-123,-141,-143,-138,-136,-138,-131,-366,-356,-1104,-1036,-942,-484,-1270,-1252,-1166,-757,-734,-734,-6628,-5506,-29990,-29991]} 1. d4 Nf6 2. c4 e6 3. Nf3 d5 4. Nc3 dxc4 5. e4 b5 6. e5 {D24: Queen's Gambit Accepted: 3 Nf3 Nf6 4 Nc3} Nd5 7. Nxb5 Nb6 8. Be2 {White is slightly better.} Be7 9. O-O Nc6 10. Qd2 Bb7 11. Rd1 Qd7 12. Nc3 Nb4 13. b3 $146 (13. Qf4 $14) ({Predecessor:} 13. Qf4) 13... cxb3 $11 14. axb3 O-O 15. Qb2 a5 16. Bd2 Rfb8 17. Qb1 h6 18. Ne4 Qd5 19. Nc3 Qd8 20. Rc1 Nd7 21. Na4 c5 22. dxc5 {And now Bxb4 would win.} ({Much weaker is} 22. Nxc5 Nxc5 23. Bxb4 Be4 $17) 22... Nxe5 (22... Rc8 $11 {keeps the balance.}) 23. Bf4 $2 {[#]} (23. Bxb4 $1 $16 Bxf3 24. Bc3 Bxe2 25. Bxe5) 23... Nxf3+ $1 $17 24. Bxf3 Bxf3 25. Bxb8 Bxg2 26. Kxg2 {Black must now prevent Bg3.} Qd5+ 27. f3 {[#] aiming for Bg3.} Rxb8 28. Qe4 $2 (28. Nb6 $17 Qd2+ 29. Kh1) 28... Qd2+ $19 29. Kf1 $2 (29. Kg1 Bf6 30. Rd1 Qg5+ 31. Kh1 Bxa1 32. Rxa1) 29... Nd5 {Strongly threatening ...Ne3+.} 30. Kg1 Bf6 31. Rab1 (31. Rd1 $142 Qg5+ 32. Kh1 Bxa1 33. Rxa1) 31... Ne3 {[%csl Ge3][%cal Rd2g2]} 32. f4 Bd4 {( -> ...Ng4+)} 33. Kh1 Ng4 {[%csl Gg4][%cal Rd2h2]} 34. Qc2 Qxf4 35. h3 Bf2 {Accuracy: White = 35%, Black = 62%.} 0-1

[Event "2nd China Binhai Open 2020"]
[Site "Tianjin"]
[Date "2020.01.16"]
[Round "6.4"]
[White "Xiang, Zeyu"]
[Black "Dai, Changren"]
[Result "1/2-1/2"]
[WhiteElo "2436"]
[BlackElo "2506"]
[Annotator "TA"]
[PlyCount "60"]
[EventDate "2020.01.13"]
[EventType "swiss"]
[EventCountry "CHN"]
[SourceTitle "playchess.com"]
[Source "ChessBase"]
[SourceQuality "1"]

{[%evp 9,60,13,39,13,18,13,13,10,25,13,28,28,8,4,19,18,21,22,0,-18,0,0,11,0,8,0,0,0,40,36,71,-60,-62,-67,-66,-61,0,-68,-59,-71,-65,-81,-32,-45,-43,-75,-20,-31,0,-46,0,0,0]} 1. d4 Nf6 2. c4 e6 3. Nc3 Bb4 4. Qc2 b6 5. e4 c5 6. d5 {E32: Nimzo-Indian: Classical (4 Qc2): 4...0-0} Qe7 7. Nge2 exd5 8. exd5 d6 9. Bd2 O-O 10. f3 Nbd7 {[%cal Bb8d7,Bd7e5,Be5g4,Bg4e3,Be3d1][%mdl 32]} 11. O-O-O Re8 12. Ng3 $146 ({Predecessor:} 12. a3 Ba5 13. Ng3 {0-1 (60) Mamedyarov,S (2772)-Grigoriants,S (2542) Moscow 2019}) 12... Qd8 13. a3 Ba5 14. Nb5 {[#] aiming for b4.} Bxd2+ 15. Qxd2 Ne5 16. f4 Neg4 17. Bd3 a6 18. Nc3 b5 19. cxb5 c4 {[%mdl 64] [#] Decoy} 20. Bxc4 (20. Bb1 $1 $16) 20... Ne3 $15 {[%mdl 64] Double Attack} 21. Qd4 Nxd1 22. Rxd1 Bg4 (22... axb5 $15 23. Bxb5 Bd7) 23. Rf1 (23. bxa6 $11 Bxd1 24. Kxd1) 23... axb5 24. Bxb5 Bd7 25. Bd3 Qa5 26. Nge4 $1 {[%cal Re4f6]} Nxe4 27. Bxe4 Qc7 ({Black should play} 27... Rab8 $17) 28. Bc2 $11 Ra5 {[%mdl 1024] Black has compensation.} 29. Qd3 g6 30. Qd4 Rc5 {Accuracy: White = 59%, Black = 51%.} 1/2-1/2